000 01728nam0a2200397 4500
001 RU\NLR\bibl\164075
005 20250618054413.0
010 _a5-7159-0206-1
_9300
021 _aRU
_b2001-386
_920
035 _a(NLR Aleph) 000160939
090 _a925674
_c925674
100 _a20010223d2000 |||y0rusy50 ca
101 0 _arus
102 _aRU
105 _aa |||||||||
200 1 _aПроблемные и развивающие уроки
_e(На материале лит. народов Рос. Федерации)
_fА. З. Нигматуллин
_gБашк. ин-т развития образования, Башк. гос. пед. ун-т
210 _aУфа
_cИзд-во БИРО
_d2000
215 _a92 с.
_d21
320 _aБиблиогр.: с. 90-91
606 0 _aПроблемное обучение в школе
_91971489
_3RU\NLR\auth\66903421
606 0 _aЛитература народов Российской Федерации
_xПреподавание
_xСредняя школа
_92210798
_3RU\NLR\auth\661328062
610 0 _aЛитература народов Российской Федерации - Изучение в школе
610 0 _aПроблемное обучение в школе
610 0 _aРоссийская Федерация, литературоведение
675 _a372.882.1.046.14
_v3
_zrus
686 _a14
_2rugasnti
686 _a74.268.3
_2rubbk
686 _aЧ421,6(2)221
686 _aЧ426.21,6(2)32
700 1 _aНигматуллин
_gАхат Зайнетдинович
_4070
801 0 _aRU
_bRKP
_c20010223
_gPSBO
801 1 _aRU
_bRKP
_c20010223
801 2 _aRU
_bNLR
_c20010711
_grcr
942 _cBOOK
980 _aNB